[Event "FRA-chT Top 12 2019"]
[Site "Brest"]
[Date "2019.05.26"]
[Round "9.4"]
[White "Cramling, Pia"]
[Black "Marcelin, Cyril"]
[Result "1/2-1/2"]
[WhiteElo "2454"]
[BlackElo "2451"]
[Annotator "TA"]
[PlyCount "89"]
[EventDate "2019.05.18"]
[EventType "team-tourn"]
[EventCountry "FRA"]
[SourceTitle "playchess.com"]
[Source "ChessBase"]
[SourceQuality "1"]

{[%evp 18,89,62,37,73,32,56,19,39,20,80,77,83,68,74,21,25,17,7,4,19,23,19,18,5,-12,-12,-20,-8,-16,0,-4,-20,-4,38,-136,-84,-90,32,40,44,20,55,56,139,148,197,89,91,73,100,85,95,24,23,16,47,25,25,25,25,10,10,10,25,25,25,25,32,24,32,32,32,25]} 1. c4 e5 2. Nc3 Nf6 3. Nf3 d6 4. d4 Nbd7 5. e4 g6 6. Be2 Bg7 7. O-O O-O 8. Qc2 Qe7 9. Be3 c6 10. Rad1 h6 {E94: King's Indian: Classical: 6 Be2 e5 7 0-0: Various Black 7th moves} (10... a6 11. Rfe1 exd4 12. Nxd4 h6 13. Bf1 Ng4 14. Bf4 Nc5 15. Qd2 Qf6 16. h3 Qxd4 17. Qxd4 Bxd4 18. hxg4 {½-½ (35) Wojtaszek,R (2745)-Adhiban,B (2682) Sharjah 2017}) 11. h3 exd4 12. Bxd4 Re8 {The position is equal.} 13. Rfe1 Ne5 (13... b6 $11) 14. Nh2 $16 g5 15. Qd2 $146 ({Predecessor:} 15. Nf1 b6 16. Ng3 Be6 17. c5 bxc5 18. Bxe5 dxe5 {½-½ (65) Rasmussen,C (2327)-Hoi,C (2418) Aalborg 2007}) 15... Be6 16. c5 (16. b3 $16) 16... Nfd7 $11 17. cxd6 Qxd6 18. Qc1 Qf8 19. Nf1 Ng6 20. Bxg7 Qxg7 21. Bg4 Nde5 22. Ne3 Nf4 {And now ...Nfd3 would win.} 23. Qc2 h5 24. Bxe6 fxe6 25. Ne2 Rf8 26. Ng3 $2 {[#]} (26. Qb3 $14 {stays ahead.} Kh8 27. Nc4) 26... Rf7 (26... g4 $142 $1 {[%cal Rg4h3]} 27. hxg4 Nxg4 28. Nxg4 Qxg4) 27. Nc4 h4 ({Black should play} 27... Nxc4 $17 28. Qxc4 Qxb2) 28. Nxe5 $1 $14 Qxe5 29. Nf1 Raf8 30. Rd2 $1 Nh5 (30... g4 $14 31. hxg4 Qg5) 31. Nh2 $16 Nf6 32. Re3 (32. Nf3 $18 {and the rest is easy.} Qf4 33. e5) 32... Rg7 33. Qd1 Kh7 ({Not} 33... Nxe4 $2 34. Qe1 $18) 34. Qe2 Rff7 35. Ng4 (35. Nf3 $16 Qc7 36. Qc4) 35... Nxg4 $11 36. Qxg4 {With the idea Qh5+.} Kg6 37. Qe2 (37. Qd1 {is more complex.} Rg8 38. Qa4 Ra8 39. Red3 Raf8 40. Qc4) 37... Rd7 38. Red3 Rxd3 39. Rxd3 {[%mdl 4096] Endgame KQR-KQR} Rf7 40. Rd2 Rf4 41. f3 Rf7 42. Qd3 Kg7 43. Qd8 Qc5+ 44. Kh1 a6 45. Rd1 {Accuracy: White = 57%, Black = 42%.} 1/2-1/2

[Event "FRA-chT Top 12 2019"]
[Site "Brest"]
[Date "2019.05.26"]
[Round "9.5"]
[White "Degraeve, Jean-Marc"]
[Black "Lefebvre, Herve"]
[Result "1-0"]
[WhiteElo "2546"]
[BlackElo "2291"]
[Annotator "RC"]
[PlyCount "109"]
[EventDate "2019.05.18"]
[EventType "team-tourn"]
[EventCountry "FRA"]
[SourceTitle "playchess.com"]
[Source "ChessBase"]
[SourceQuality "1"]
[TimeControl "40/5400+30:1800+30"]

1. e4 {[%emt 0:00:00]} c5 {[%emt 0:00:00]} 2. Nf3 {[%emt 0:00:00]} d6 {[%emt 0:00:00]} 3. Bb5+ {[%emt 0:00:10]} Nd7 {[%emt 0:00:26]} 4. Ba4 {[%emt 0:02:11]} Ngf6 {[%emt 0:02:12]} 5. O-O {[%emt 0:02:18]} a6 {[%emt 0:14:24]} 6. c4 {[%emt 0:00:18]} e6 {[%emt 0:03:44]} 7. Nc3 {[%emt 0:03:49]} Be7 {[%emt 0:00:25]} 8. a3 {[%emt 0:08:41]} O-O {[%emt 0:00:47]} 9. d3 {[%emt 0:00:15]} b6 {[%emt 0:19:58]} 10. h3 {[%emt 0:01:09]} Bb7 {[%emt 0:01:20]} 11. Bf4 {[%emt 0:04:55]} d5 {[%emt 0:01:59]} 12. e5 {[%emt 0:03:00]} Ne8 {[%emt 0:00:10]} 13. cxd5 {[%emt 0:03:14]} exd5 {[%emt 0:00:08]} 14. d4 {[%emt 0:00:08]} Nc7 {[%emt 0:00:49]} 15. Bh2 {[%emt 0:11:40]} Ne6 {[%emt 0:02:12]} 16. Bc2 {[%emt 0:08:40]} Rc8 {[%emt 0:01:38]} 17. Qd2 {[%emt 0:03:14]} b5 {[%emt 0:13:16]} 18. Rad1 {[%emt 0:06:17]} Nb6 {[%emt 0:08:44]} 19. dxc5 {[%emt 0:00:42]} Bxc5 {[%emt 0:02:29]} 20. Bb1 {[%emt 0:04:28]} b4 {[%emt 0:10:50]} 21. axb4 {[%emt 0:08:46]} Bxb4 {[%emt 0:00:10]} 22. Qd3 {[%emt 0:03:21]} g6 {[%emt 0:00:06]} 23. Bg3 {[%emt 0:02:20]} Be7 {[%emt 0:13:33]} 24. Ba2 {[%emt 0:06:05]} Nc4 {[%emt 0:00:43]} 25. Nxd5 {[%emt 0:01:52]} Bxd5 {[%emt 0:01:40]} 26. Qxd5 {[%emt 0:00:04]} Qxd5 {[%emt 0:00:14]} 27. Rxd5 {[%emt 0:00:08]} Nxb2 28. Rd7 {[%emt 0:03:30]} Rfe8 {[%emt 0:00:15]} 29. Rb1 {[%emt 0:00:17]} Ba3 {[%emt 0:01:27]} 30. Bh4 {[%emt 0:01:30]} Rc6 {[%emt 0:00:35]} 31. Bf6 {[%emt 0:00:43]} Rec8 {[%emt 0:00:14]} 32. Ng5 {[%emt 0:03:18]} Nxg5 {[%emt 0:00:19]} 33. Bxg5 {[%emt 0:00:02]} Nc4 {[%emt 0:00:33]} 34. Bxc4 {[%emt 0:01:57]} Rxc4 {[%emt 0:00:04]} 35. Rbb7 {[%emt 0:00:05]} Rb4 {[%emt 0:00:35]} 36. Rxf7 {[%emt 0:02:14]} Rb1+ {[%emt 0:00:33]} 37. Kh2 {[%emt 0:00:38]} Rxb7 {[%emt 0:00:09]} 38. Rxb7 {[%emt 0:00:02]} Rc6 {[%emt 0:01:03]} 39. Bf6 {[%emt 0:03:31]} Bf8 {[%emt 0:00:19]} 40. f4 {[%emt 0:01:00]} Bh6 {[%emt 0:00:28]} 41. g3 {[%emt 0:31:37]} Bf8 {[%emt 0:06:53]} 42. Kg2 {[%emt 0:00:00]} a5 {[%emt 0:00:36]} 43. Ra7 {[%emt 0:00:00]} Bb4 {[%emt 0:00:04]} 44. Rg7+ {[%emt 0:00:00]} Kf8 {[%emt 0:00:05]} 45. Rxh7 {[%emt 0:00:00]} Ra6 46. h4 a4 {[%emt 0:02:58]} 47. h5 {[%emt 0:00:00]} gxh5 {[%emt 0:00:08]} 48. f5 {[%emt 0:00:00]} Bc3 {[%emt 0:00:55]} 49. Rc7 {[%emt 0:00:00]} Bb2 {[%emt 0:01:00]} 50. Bg7+ {[%emt 0:00:00]} Kg8 {[%emt 0:00:45]} 51. e6 {[%emt 0:00:00]} a3 {[%emt 0:02:53]} 52. Bxb2 {[%emt 0:00:00]} axb2 {[%emt 0:00:03]} 53. Rb7 {[%emt 0:00:00]} Ra7 {[%emt 0:05:57]} 54. Rxb2 {[%emt 0:00:00]} Kg7 {[%emt 0:00:08]} 55. Re2 {[%emt 0:00:00]} 1-0

[Event "FRA-chT Top 12 2019"]
[Site "Brest"]
[Date "2019.05.26"]
[Round "9.5"]
[White "Wirig, Anthony"]
[Black "Maze, Sebastien"]
[Result "1/2-1/2"]
[WhiteElo "2516"]
[BlackElo "2579"]
[Annotator "ChessBase"]
[PlyCount "48"]
[EventDate "2019.05.18"]
[EventType "team-tourn"]
[EventCountry "FRA"]
[SourceTitle "playchess.com"]
[Source "ChessBase"]
[SourceQuality "1"]
[TimeControl "40/5400+30:1800+30"]

1. e4 {[%emt 0:00:00]} c5 {[%emt 0:00:13]} 2. Nf3 {[%emt 0:00:00]} Nc6 {[%emt 0:00:04]} 3. Bb5 {[%emt 0:00:00]} g6 {[%emt 0:00:15]} 4. O-O {[%emt 0:00:18]} Bg7 {[%emt 0:00:04]} 5. c3 {[%emt 0:00:30]} Nf6 {[%emt 0:00:16]} 6. Re1 {[%emt 0:00:18]} O-O {[%emt 0:00:07]} 7. h3 {[%emt 0:00:11]} Qb6 {[%emt 0:00:06]} 8. Ba4 {[%emt 0:00:16]} d6 {[%emt 0:10:39]} 9. d3 {[%emt 0:05:53]} a6 {[%emt 0:02:01]} 10. Nbd2 {[%emt 0:06:34]} Qc7 {[%emt 0:00:34]} 11. Bxc6 {[%emt 0:15:06]} Qxc6 {[%emt 0:00:09]} 12. d4 {[%emt 0:00:06]} cxd4 {[%emt 0:00:45]} 13. cxd4 {[%emt 0:00:07]} Bd7 {[%emt 0:00:13]} 14. d5 {[%emt 0:06:30]} Qc7 {[%emt 0:03:11]} 15. Nb3 {[%emt 0:04:37]} Ba4 {[%emt 0:09:17]} 16. Bd2 {[%emt 0:00:54]} Rfc8 {[%emt 0:00:47]} 17. Bc3 {[%emt 0:03:00]} Qb6 {[%emt 0:11:03]} 18. Nfd2 {[%emt 0:09:32]} Bh6 {[%emt 0:02:41]} 19. Qf3 {[%emt 0:05:55]} Nd7 {[%emt 0:01:36]} 20. Qg3 {[%emt 0:19:49]} Ne5 {[%emt 0:18:32]} 21. Bd4 {[%emt 0:02:40]} Qb4 {[%emt 0:00:31]} 22. Bc3 {[%emt 0:00:50]} Qb6 {[%emt 0:02:47]} 23. Bd4 {[%emt 0:08:05]} Qb4 {[%emt 0:11:15]} 24. Bc3 {[%emt 0:00:08]} Qb6 {[%emt 0:00:20]} 1/2-1/2

[Event "FRA-chT Top 12 2019"]
[Site "Brest"]
[Date "2019.05.26"]
[Round "9.5"]
[White "Relange, Eloi"]
[Black "Brunner, Nicolas"]
[Result "1/2-1/2"]
[WhiteElo "2456"]
[BlackElo "2422"]
[Annotator "TA"]
[PlyCount "27"]
[EventDate "2019.05.18"]
[EventType "team-tourn"]
[EventCountry "FRA"]
[SourceTitle "playchess.com"]
[Source "ChessBase"]
[SourceQuality "1"]

{[%evp 14,27,20,14,17,16,18,0,7,15,65,21,29,0,23,-20]} 1. Nf3 d5 2. c4 e6 3. g3 Nf6 4. Bg2 dxc4 5. Qa4+ c6 6. Qxc4 b5 7. Qc2 Bb7 8. O-O Nbd7 {A13: English Opening: 1...e6} (8... Be7 9. d3 O-O 10. a4 a6 11. Nc3 Nbd7 12. Rd1 Rc8 13. h3 Qb6 14. e4 c5 15. Be3 Rfd8 16. Rac1 h6 17. axb5 axb5 {1-0 (73) Duda,J (2737)-Karjakin,S (2773) chess.com INT 2018}) 9. a4 a6 10. d4 c5 11. Bg5 Qb6 12. axb5 axb5 13. Nc3 Be7 $146 ({Don't play} 13... cxd4 $6 14. Rxa8+ Bxa8 {[#]} 15. Nxb5 $1 $16 {[%mdl 512]}) ({Predecessor:} 13... Rxa1 14. Rxa1 cxd4 15. Nxb5 Qxb5 16. Bxf6 gxf6 17. Nxd4 Qb6 18. Bxb7 Qxd4 19. Rd1 Qc5 20. Qa4 Bd6 21. Bc6 Ke7 22. Bxd7 Rb8 {½-½ (22) Bates,R (2375)-Jessel,S (2309) Sunningdale 2008}) 14. Qb3 1/2-1/2

[Event "FRA-chT Top 12 2019"]
[Site "Brest"]
[Date "2019.05.26"]
[Round "9.5"]
[White "Burri, Quentin"]
[Black "Bauer, Christian"]
[Result "0-1"]
[WhiteElo "2425"]
[BlackElo "2643"]
[Annotator "TA"]
[PlyCount "74"]
[EventDate "2019.05.18"]
[EventType "team-tourn"]
[EventCountry "FRA"]
[SourceTitle "playchess.com"]
[Source "ChessBase"]
[SourceQuality "1"]

{[%evp 17,74,21,17,20,32,2,10,-10,19,0,0,0,6,0,1,0,7,-8,-11,-20,-12,-36,-10,-54,-33,-54,-18,-15,-12,-8,0,-28,-20,-102,-111,-112,-101,-206,-112,-424,-408,-392,-413,-380,-310,-675,-672,-647,-578,-1127,-1105,-1398,-1328,-29984,-29985,-29982,-29983,-29983,-29984]} 1. e4 Nc6 2. Nf3 d6 3. d4 Nf6 4. Nc3 g6 5. h3 Bg7 6. Be3 a6 7. Bd3 O-O 8. O-O e5 9. dxe5 dxe5 10. Bc4 {B08: Pirc Defence: Classical System} Qe7 11. Qe2 Na5 $146 ({Predecessor:} 11... Be6 12. Rfd1 Rfd8 13. a3 Rxd1+ 14. Rxd1 Bxc4 15. Qxc4 Rd8 16. Nd5 Nxd5 17. exd5 Qd7 {½-½ (26) Winsnes,R (2350)-Lanzendoerfer,J (2210) Stockholm 1988}) 12. a3 {The position is equal.} c6 13. b4 {And now Bc5 would win.} Nxc4 14. Qxc4 Be6 (14... Rd8 {feels hotter.} 15. Rfb1 Be6 16. Qc5 Qe8 17. Qa5 Nd7) 15. Qc5 Rfe8 16. Qxe7 Rxe7 17. Bc5 Ree8 18. Bd6 Nd7 19. Rfe1 b5 20. Nd1 f6 21. Nb2 h5 22. a4 g5 23. Nd2 g4 24. h4 Kf7 25. c4 (25. Red1 $11 {remains equal.}) 25... Bh6 $17 26. Red1 Nb6 {[%cal Rb6c4]} 27. cxb5 (27. c5 $17 Nc8 28. Bc7) 27... cxb5 (27... axb5 $19 28. a5 Na4 $1 {[%mdl 512]} 29. Nxa4 bxa4) 28. a5 $2 {[%mdl 8192] [#]} (28. axb5 $17 {is a better chance.} axb5 29. Nf1) 28... Na4 $1 $19 {[%cal Ra4b2][%mdl 512]} 29. Nxa4 bxa4 30. Bc5 Red8 31. Be3 $2 (31. Nf1 Rxd1 32. Rxd1) 31... Bxe3 32. fxe3 Rd3 33. Kf2 Rad8 34. Ke2 g3 35. Nf3 Rxd1 {Black mates.} 36. Rxd1 Rxd1 37. Kxd1 {[#]} Bg4 $1 {[%mdl 512] Accuracy: White = 17%, Black = 65%.} 0-1

[Event "FRA-chT Top 12 2019"]
[Site "Brest"]
[Date "2019.05.26"]
[Round "9.5"]
[White "Godart, Francois"]
[Black "Villegas, Pierre"]
[Result "1/2-1/2"]
[WhiteElo "2419"]
[BlackElo "2354"]
[Annotator "TA"]
[PlyCount "43"]
[EventDate "2019.05.18"]
[EventType "team-tourn"]
[EventCountry "FRA"]
[SourceTitle "playchess.com"]
[Source "ChessBase"]
[SourceQuality "1"]

{[%evp 14,43,8,0,20,15,16,16,27,10,15,10,20,21,43,29,35,10,14,9,9,9,3,6,10,6,15,13,14,13,14,8]} 1. Nf3 d5 2. c4 e6 3. g3 d4 4. Bg2 Nf6 5. O-O c5 6. e3 Nc6 7. exd4 cxd4 8. d3 Bd6 {A13: English Opening: 1...e6} 9. Na3 e5 10. c5 Bxc5 11. Nc4 Bg4 $146 ({Predecessor:} 11... Nd7 12. Re1 O-O 13. Nfxe5 Ncxe5 14. Nxe5 Nxe5 15. Rxe5 Qb6 16. a4 {1-0 (111) Giri,A (2784)-So,W (2762) Wijk aan Zee 2015}) 12. Qb3 Bxf3 13. Bxf3 Rb8 14. Re1 Nd7 15. Bg4 {[#] Threatens to win with Bxd7+.} O-O {The position is equal.} 16. Bxd7 Qxd7 17. Nxe5 Nxe5 18. Rxe5 b6 19. Bd2 Rfe8 20. Rae1 Rxe5 21. Rxe5 Rd8 22. Bf4 1/2-1/2

[Event "FRA-chT Top 12 2019"]
[Site "Brest"]
[Date "2019.05.26"]
[Round "9.5"]
[White "Ludwig, Remi"]
[Black "Fedorchuk, Sergey A."]
[Result "0-1"]
[WhiteElo "2312"]
[BlackElo "2620"]
[Annotator "ChessBase"]
[PlyCount "114"]
[EventDate "2019.05.18"]
[EventType "team-tourn"]
[EventCountry "FRA"]
[SourceTitle "playchess.com"]
[Source "ChessBase"]
[SourceQuality "1"]
[TimeControl "40/5400+30:1800+30"]

1. d4 {[%emt 0:00:00]} Nf6 {[%emt 0:00:00]} 2. c4 {[%emt 0:00:00]} e6 {[%emt 0:00:00]} 3. Nf3 {[%emt 0:00:21]} b6 {[%emt 0:00:58]} 4. a3 {[%emt 0:00:47]} Bb7 {[%emt 0:01:53]} 5. Nc3 {[%emt 0:00:37]} d5 {[%emt 0:00:24]} 6. cxd5 {[%emt 0:00:41]} Nxd5 {[%emt 0:00:12]} 7. Qc2 {[%emt 0:00:11]} Be7 {[%emt 0:06:14]} 8. e4 {[%emt 0:00:27]} Nxc3 {[%emt 0:01:15]} 9. bxc3 {[%emt 0:00:06]} O-O {[%emt 0:00:10]} 10. Bd3 {[%emt 0:00:13]} c5 {[%emt 0:00:16]} 11. O-O Qc7 {[%emt 0:00:52]} 12. Qe2 {[%emt 0:00:32]} Nd7 {[%emt 0:01:48]} 13. a4 {[%emt 0:00:53]} Rfd8 {[%emt 0:00:47]} 14. Bd2 {[%emt 0:01:41]} Nf8 {[%emt 0:00:43]} 15. g3 {[%emt 0:00:37]} h6 {[%emt 0:03:23]} 16. h4 {[%emt 0:05:33]} Bd6 {[%emt 0:07:23]} 17. Be3 {[%emt 0:20:02]} Rac8 {[%emt 0:03:49]} 18. Rfc1 {[%emt 0:03:56]} Qc6 {[%emt 0:04:29]} 19. Nd2 {[%emt 0:14:40]} Qd7 {[%emt 0:09:00]} 20. e5 {[%emt 0:06:52]} Bxe5 {[%emt 0:08:19]} 21. Bxh6 {[%emt 0:05:31]} Bf6 {[%emt 0:00:34]} 22. Bg5 {[%emt 0:04:07]} Bxg5 {[%emt 0:02:43]} 23. hxg5 {[%emt 0:00:03]} cxd4 {[%emt 0:00:09]} 24. c4 {[%emt 0:00:23]} Rc5 {[%emt 0:01:14]} 25. f4 {[%emt 0:01:03]} e5 {[%emt 0:00:39]} 26. Nb3 {[%emt 0:04:11]} Qh3 {[%emt 0:02:48]} 27. Qh2 {[%emt 0:00:24]} Qxh2+ {[%emt 0:09:10]} 28. Kxh2 {[%emt 0:00:04]} Rc7 {[%emt 0:00:03]} 29. fxe5 {[%emt 0:00:10]} Re7 {[%emt 0:00:37]} 30. Re1 {[%emt 0:00:23]} g6 {[%emt 0:03:33]} 31. Be4 {[%emt 0:20:48]} Ne6 {[%emt 0:01:00]} 32. Kg2 {[%emt 0:03:29]} Nxg5 {[%emt 0:00:29]} 33. Bxb7 {[%emt 0:00:04]} Rxb7 {[%emt 0:00:05]} 34. Rad1 {[%emt 0:00:11]} Rc7 {[%emt 0:01:18]} 35. Nd2 {[%emt 0:00:18]} Rc5 {[%emt 0:00:48]} 36. Kf2 {[%emt 0:01:40]} Kg7 {[%emt 0:00:32]} 37. Rc1 {[%emt 0:01:45]} Rdc8 {[%emt 0:02:23]} 38. Rcd1 {[%emt 0:02:46]} Ne6 {[%emt 0:02:43]} 39. Re4 {[%emt 0:02:14]} Rd8 {[%emt 0:03:23]} 40. Ree1 {[%emt 0:01:03]} Ra5 {[%emt 0:00:47]} 41. Ra1 {[%emt 0:30:29]} Nc5 {[%emt 0:30:08]} 42. Ra3 {[%emt 0:00:11]} Rxa4 {[%emt 0:05:17]} 43. Rxa4 {[%emt 0:00:13]} Nxa4 {[%emt 0:00:03]} 44. Ra1 {[%emt 0:00:23]} Nc5 {[%emt 0:00:16]} 45. Rxa7 {[%emt 0:01:19]} Nd3+ {[%emt 0:00:35]} 46. Kf3 {[%emt 0:00:17]} Nxe5+ {[%emt 0:01:55]} 47. Ke4 {[%emt 0:00:08]} Nd7 {[%emt 0:00:35]} 48. Kd5 {[%emt 0:00:00]} d3 {[%emt 0:00:00]} 49. Kc6 {[%emt 0:00:00]} Ne5+ {[%emt 0:00:00]} 50. Kxb6 {[%emt 0:00:00]} Nxc4+ {[%emt 0:00:00]} 51. Nxc4 {[%emt 0:00:00]} d2 {[%emt 0:00:00]} 52. Nxd2 {[%emt 0:00:00]} Rxd2 {[%emt 0:00:00]} 53. Ra3 {[%emt 0:00:00]} f5 {[%emt 0:00:00]} 54. Kc5 {[%emt 0:00:00]} Kf6 {[%emt 0:00:00]} 55. Kc4 {[%emt 0:00:00]} Kg5 {[%emt 0:00:00]} 56. Kc3 {[%emt 0:00:00]} Rg2 {[%emt 0:00:00]} 57. Kd4 {[%emt 0:00:00]} Kg4 {[%emt 0:00:00]} 0-1

[Event "FRA-chT Top 12 2019"]
[Site "Brest"]
[Date "2019.05.26"]
[Round "9.6"]
[White "Fressinet, Laurent"]
[Black "Millet, Sophie"]
[Result "1-0"]
[WhiteElo "2640"]
[BlackElo "2400"]
[Annotator "TA"]
[PlyCount "113"]
[EventDate "2019.05.18"]
[EventType "team-tourn"]
[EventCountry "FRA"]
[SourceTitle "playchess.com"]
[Source "ChessBase"]
[SourceQuality "1"]

{[%evp 9,113,3,6,-20,6,8,0,0,0,0,0,0,-7,-62,0,8,0,0,0,0,0,0,12,-30,-22,-22,-10,-20,-8,-26,-22,-33,-37,-43,-49,-58,14,17,11,16,122,118,149,141,148,141,134,143,158,104,90,73,81,83,80,64,87,95,80,10,139,16,293,235,249,83,162,135,272,293,267,267,329,237,237,237,237,237,237,237,465,465,441,433,433,428,338,338,433,343,577,343,1279,490,29968,29967,29973,29970,29974,29975,29976,29977,29973,29969,7687,5616]} 1. Nf3 c5 2. c3 Nf6 3. d4 d5 4. e3 e6 5. Nbd2 Nbd7 6. Ne5 {D05: Colle System with ...e6} (6. Bd3 b6 7. Qe2 Bb7 8. O-O Be7 9. b3 O-O 10. Bb2 Rc8 11. Rac1 Bd6 12. c4 cxd4 13. exd4 Qe7 14. Ne5 Ba3 15. Bxa3 Qxa3 {½-½ (44) Kramnik,V (2777)-Ding,L (2813) Wijk aan Zee 2019}) 6... Nxe5 (6... Qc7 {seems wilder.} 7. f4 b6 8. Bd3 Be7 9. O-O Bb7) 7. dxe5 Nd7 8. f4 $1 {The position is equal.} c4 9. e4 Nc5 10. exd5 $146 ({Predecessor:} 10. Qf3 b5 11. exd5 Bb7 12. b4 Bxd5 13. Qe3 Na4 {0-1 (71) Vorotnikov,V (2417)-Rechlis,G (2521) St Petersburg 2018}) 10... exd5 11. b4 (11. Be2 $11) 11... Nd3+ ({Black should try} 11... Ne6 $1 $15) 12. Bxd3 $1 $11 cxd3 13. Nb3 Bf5 14. O-O Be7 15. Be3 O-O 16. Nd4 Be4 17. f5 Kh8 18. Qd2 Rc8 19. Rac1 Rc4 20. Qf2 Rg8 21. Nb3 Qc7 22. Bd4 Bg5 (22... f6 $1 $15 23. Qf4 fxe5 24. Bxe5 Qd8) 23. Nd2 Rc6 24. h4 Be7 (24... Bxd2 $11 {remains equal.} 25. Qxd2 b5) 25. Rce1 $16 Rxc3 26. Bxc3 Qxc3 27. Nxe4 dxe4 28. Rxe4 Bxb4 {...Bc5 is the strong threat.} 29. Kh1 ({White should play} 29. Qf4 $1 Be7 30. Kh1) 29... d2 30. e6 {And now e7 would win.} Rd8 31. Rd1 fxe6 32. fxe6 {Hoping for e7.} Qc2 33. Qe2 $1 Be7 34. a4 (34. Rc4 $16 Qf5 35. Qe3) 34... Rd3 {[#]} (34... h6 $11) 35. Rf4 $40 {[%mdl 128] White mounts an attack.} (35. Qg4 $1 $16) 35... Qc3 $2 {[%mdl 8192]} (35... h6 $1 $11 {and Black has nothing to worry.}) 36. Rf3 $18 ({Resist} 36. Rf7 $6 Rd4 $18) 36... Rxf3 37. Qxf3 $2 {[%mdl 4096] Endgame KQR-KQB} (37. gxf3 $18 Qf6 38. Qe4) 37... Qe5 {[#]} (37... Qc2 $16 {is a better defense.}) 38. Qf2 $1 Bd6 (38... h6 $16) 39. g3 $1 Qe4+ 40. Kg1 h6 41. Qxd2 Bc5+ 42. Kh2 {aiming for Re1.} Qxe6 43. Qd8+ Kh7 {[#] intending ...Qe2+.} 44. Qd5 $1 Qg4 $2 (44... Qxd5 45. Rxd5 b6) 45. Re1 Bf2 46. Qd3+ Qg6 47. Qxg6+ Kxg6 {KR-KB} 48. Re7 Bd4 49. Rxb7 Kf5 $2 (49... Be3 50. a5 h5) 50. a5 {[%cal Ba4a5,Ba5a6][%mdl 32]} g5 $2 (50... Kg6 51. Kh3 Kh7) 51. hxg5 hxg5 (51... Kxg5 $18 52. Rd7 Be3) 52. Kh3 Be3 53. Rb5+ Kf6 54. Kg4 Bd2 55. a6 Be3 56. Rf5+ Kg6 57. Re5 {Accuracy: White = 71%, Black = 31%.} 1-0

[Event "FRA-chT Top 12 2019"]
[Site "Brest"]
[Date "2019.05.26"]
[Round "9.6"]
[White "Gharamian, Tigran"]
[Black "Riff, Jean-Noel"]
[Result "1/2-1/2"]
[WhiteElo "2602"]
[BlackElo "2494"]
[Annotator "RC"]
[PlyCount "45"]
[EventDate "2019.05.18"]
[EventType "team-tourn"]
[EventCountry "FRA"]
[SourceTitle "playchess.com"]
[Source "ChessBase"]
[SourceQuality "1"]
[TimeControl "40/5400+30:1800+30"]

1. b3 {[%emt 0:00:00]} Nf6 {[%emt 0:00:12]} 2. Bb2 {[%emt 0:00:12]} g6 {[%emt 0:00:05]} 3. Nf3 {[%emt 0:02:02]} Bg7 {[%emt 0:02:23]} 4. e3 {[%emt 0:01:28]} O-O {[%emt 0:00:12]} 5. d4 {[%emt 0:00:25]} d6 {[%emt 0:05:31]} 6. Be2 {[%emt 0:01:15]} e5 {[%emt 0:02:31]} 7. dxe5 {[%emt 0:01:22]} Ng4 {[%emt 0:00:20]} 8. Nc3 {[%emt 0:00:39]} Nxe5 {[%emt 0:00:58]} 9. Nxe5 {[%emt 0:06:57]} Bxe5 {[%emt 0:02:06]} 10. Qd2 {[%emt 0:10:51]} Nd7 {[%emt 0:06:26]} 11. Rd1 {[%emt 0:17:41]} Nc5 {[%emt 0:04:39]} 12. Ba1 {[%emt 0:13:04]} Bf5 {[%emt 0:05:20]} 13. O-O {[%emt 0:03:16]} Re8 {[%emt 0:09:18]} 14. Bf3 {[%emt 0:09:30]} c6 {[%emt 0:01:18]} 15. Ne2 {[%emt 0:00:39]} Bxa1 {[%emt 0:03:04]} 16. Rxa1 {[%emt 0:00:06]} d5 {[%emt 0:01:11]} 17. Nd4 {[%emt 0:06:16]} Bd7 {[%emt 0:00:45]} 18. Rac1 {[%emt 0:03:25]} Ne6 {[%emt 0:02:40]} 19. c4 {[%emt 0:04:48]} Nxd4 {[%emt 0:00:45]} 20. exd4 {[%emt 0:02:03]} Be6 {[%emt 0:02:16]} 21. Rfe1 {[%emt 0:03:39]} Qd7 {[%emt 0:00:41]} 22. c5 {[%emt 0:01:35]} Bg4 {[%emt 0:00:43]} 23. Bxg4 {[%emt 0:01:27]} 1/2-1/2

[Event "FRA-chT Top 12 2019"]
[Site "Brest"]
[Date "2019.05.26"]
[Round "9.6"]
[White "Sulava, Nenad"]
[Black "Brochet, Philippe"]
[Result "1/2-1/2"]
[WhiteElo "2422"]
[BlackElo "2400"]
[Annotator "NA"]
[PlyCount "58"]
[EventDate "2019.05.18"]
[EventType "team-tourn"]
[EventCountry "FRA"]
[SourceTitle "playchess.com"]
[Source "ChessBase"]
[SourceQuality "1"]
[TimeControl "40/5400+30:1800+30"]

1. Nf3 {[%emt 0:00:00]} d5 {[%emt 0:01:09]} 2. e3 {[%emt 0:00:00]} Nf6 {[%emt 0:00:16]} 3. c4 {[%emt 0:00:00]} e6 {[%emt 0:00:07]} 4. b3 {[%emt 0:00:57]} c5 {[%emt 0:00:19]} 5. Bb2 {[%emt 0:00:11]} Nc6 {[%emt 0:00:10]} 6. cxd5 {[%emt 0:00:05]} exd5 {[%emt 0:00:09]} 7. Bb5 {[%emt 0:00:14]} Bd6 {[%emt 0:00:16]} 8. d4 {[%emt 0:00:22]} cxd4 {[%emt 0:05:23]} 9. Nxd4 {[%emt 0:00:07]} Bd7 {[%emt 0:01:37]} 10. O-O {[%emt 0:00:44]} O-O {[%emt 0:00:17]} 11. Nc3 {[%emt 0:02:52]} Re8 {[%emt 0:13:32]} 12. Rc1 {[%emt 0:08:53]} Qe7 {[%emt 0:04:09]} 13. Nf3 {[%emt 0:03:02]} a6 {[%emt 0:13:40]} 14. Bxc6 {[%emt 0:16:38]} bxc6 {[%emt 0:03:03]} 15. Qd3 {[%emt 0:01:35]} Bg4 {[%emt 0:12:21]} 16. Ne2 {[%emt 0:03:00]} Qe4 {[%emt 0:04:30]} 17. Qxe4 {[%emt 0:37:24]} dxe4 {[%emt 0:00:38]} 18. Bxf6 {[%emt 0:02:54]} exf3 {[%emt 0:04:49]} 19. gxf3 {[%emt 0:00:08]} Bh3 {[%emt 0:02:41]} 20. Rfd1 {[%emt 0:00:27]} Ba3 {[%emt 0:00:09]} 21. Bd4 {[%emt 0:00:05]} Bxc1 {[%emt 0:00:12]} 22. Rxc1 {[%emt 0:00:01]} Bd7 {[%emt 0:11:27]} 23. Rc5 {[%emt 0:04:58]} Re6 {[%emt 0:02:13]} 24. Nf4 {[%emt 0:03:20]} Rd6 {[%emt 0:00:18]} 25. h4 {[%emt 0:01:00]} Rb8 {[%emt 0:02:09]} 26. Ra5 {[%emt 0:03:35]} Bc8 {[%emt 0:00:38]} 27. Re5 {[%emt 0:00:13]} Bd7 {[%emt 0:08:00]} 28. Ra5 {[%emt 0:00:14]} Bc8 {[%emt 0:01:20]} 29. Re5 {[%emt 0:00:53]} Bd7 {[%emt 0:00:09]} 1/2-1/2